000 00763pam a2200253 i 4500
001 4172405
003 BD-DhUL
005 20160517182234.0
008 790803s1980 nyua b 001 0 eng
010 _a 79019513
020 _a0471056278 :
_c$30.00
040 _cBD-DhUL
_dBD-DhUL
050 0 0 _aHG6046
_b.T4
082 0 0 _a332.644
_bKAT
245 0 0 _aTechnical analysis in commodities /
_c[edited by] P. J. Kaufman.
260 _aNew York :
_bWiley,
_cc1980.
300 _axii, 227 p. :
_bill. ;
_c26 cm.
500 _a"A Ronald Press publication."
504 _aIncludes bibliographical references and index.
650 0 _aCommodity exchanges.
700 1 _aKaufman, Perry J.
906 _a7
_bcbc
_corignew
_d1
_eocip
_f19
_gy-gencatlg
942 _2ddc
_cBK
999 _c66957
_d66957